España en síntesis

Uloženo v:
Podrobná bibliografie
Médium: Kniha
Jazyk:španělština
Vydáno: Madrid Heroes 1964
Témata:
Tagy: Přidat tag
Žádné tagy, Buďte první, kdo vytvoří štítek k tomuto záznamu!

MARC

LEADER 00000nam a2200000 a 4500
001 UCO1792
003 CL-VaPUC
008 000519e19640000SP |||||||||||||||||spa|d
082 0 4 |a 946  |b ESP  |2 21 
245 1 0 |a España en síntesis 
300 |a 149 p 
942 |c BK 
945 |d 20000519 00:00:00  |a rbrito 
260 |a Madrid  |b Heroes  |c 1964 
650 0 |a Desarrollo económico  |9 259599 
650 0 |a Historia  |9 255047 
651 0 |a España  |9 254926 
583 |a last modification  |c 20000519 00:00:00  |k Rodrigo Vera 
999 |c 288387  |d 288385 
952 |0 0  |1 0  |4 0  |6 946_000000000000000_ESP_1964  |7 0  |8 P  |9 336053  |a BIBARQ  |b BIBARQ  |d 2019-11-20  |i 3621073  |o 946 ESP 1964  |p 3621073  |r 2025-01-20  |w 2019-11-20  |y BK  |k ARQ